| 000 | 00984nam a2200253 i 4500 | ||
|---|---|---|---|
| 001 | 110370 | ||
| 003 | ES-MaACL | ||
| 005 | 20230906185034.0 | ||
| 007 | t| | ||
| 008 | 061121s1968 sp a |||| | spa d | ||
| 100 | 1 |
_aBarreiro Etchevers, Francisco. _925896 |
|
| 245 | 1 | 3 |
_aEl ordeño / _cFrancisco Barreiro Etchevers, Armando García Díaz, Gerardo García Fernández ; ilustrador, Antonio Castro Ferreiro. |
| 260 |
_aMadrid : _b[Ministerio de Agricultura], _c1968. |
||
| 300 |
_a62 p. : _bil. ; _c24 cm. |
||
| 490 | 1 |
_aPublicaciones de capacitación agraria. Técnica ; _v26 |
|
| 650 | 4 |
_aOrdeño. _9169045 |
|
| 700 | 1 |
_aGarcía Díaz, Armando. _954531 |
|
| 700 | 1 |
_aGarcía Fernández, Gerardo Luis. _954596 |
|
| 700 | 1 |
_aCastro Ferreiro, Antonio. _936922 |
|
| 710 | 1 |
_aEspaña. _bDirección General de Capacitación Agraria. _93712 |
|
| 830 | 1 |
_aPublicaciones de capacitación agraria. Técnica ; _v26 _9233020 |
|
| 852 |
_aES-MaACL _jC-46671 |
||
| 999 |
_c110370 _d110370 |
||